[Event "Titled Tuesday intern op 22nd Sept"]
[Site "Chess.com INT"]
[Date "2020.09.22"]
[Round "3"]
[White "Marchena Hurtado, Javier"]
[Black "Pham, Le Thao Nguyen"]
[Result "1/2-1/2"]
[WhiteElo "2322"]
[BlackElo "2366"]
[PlyCount "33"]
[EventDate "2020.09.22"]
[EventType "swiss (blitz)"]
[EventRounds "10"]
[EventCountry "USA"]
[SourceTitle "CBM 198 Extra"]
[Source "ChessBase"]
[SourceDate "2020.11.30"]
[SourceVersion "1"]
[SourceVersionDate "2020.11.30"]
[SourceQuality "1"]

1. e4 c5 2. Nf3 e6 3. d4 cxd4 4. Nxd4 a6 5. Bd3 Nc6 6. Nxc6 dxc6 7. 0-0 e5 8. f4 Nf6 9. Kh1 Bc5 10. Qf3 Ng4 11. h3 Qh4 12. f5 h5 13. Nd2 Nf2+ 14. Kh2 Ng4+ 15. Kh1 Nf2+ 16. Kh2 Ng4+ 17. Kh1 1/2-1/2

[Event "Titled Tuesday intern op 22nd Sept"]
[Site "Chess.com INT"]
[Date "2020.09.22"]
[Round "2"]
[White "Zaichenko, Daria"]
[Black "Marchena Hurtado, Javier"]
[Result "0-1"]
[WhiteElo "2104"]
[BlackElo "2322"]
[PlyCount "100"]
[EventDate "2020.09.22"]
[EventType "swiss (blitz)"]
[EventRounds "10"]
[EventCountry "USA"]
[SourceTitle "CBM 198 Extra"]
[Source "ChessBase"]
[SourceDate "2020.11.30"]
[SourceVersion "1"]
[SourceVersionDate "2020.11.30"]
[SourceQuality "1"]

1. e4 c5 2. Nf3 Nc6 3. d4 cxd4 4. Nxd4 Nf6 5. Nc3 d6 6. Bb5 Bd7 7. 0-0 e6 8. Be3 Be7 9. f4 0-0 10. Qf3 e5 11. Nxc6 bxc6 12. Bc4 Ng4 13. f5 Nxe3 14. Qxe3 Bg5 15. Qg3 Qb6+ 16. Kh1 Bf4 17. Qg4 Qxb2 18. Qh3 Qxc2 19. Rad1 d5 20. Bb3 Qb2 21. exd5 Rac8 22. dxc6 Bxc6 23. f6 Bxg2+ 24. Qxg2 Qxg2+ 25. Kxg2 Rxc3 26. fxg7 Kxg7 27. Rd7 a5 28. Rd5 Re3 29. Rxa5 Re2+ 30. Rf2 Rxf2+ 31. Kxf2 Bxh2 32. Kg2 Bf4 33. Ra7 Kg6 34. Kf3 f5 35. Ra6+ Kg5 36. Ra7 Kg6 37. Ra6+ Rf6 38. Rxf6+ Kxf6 39. a4 Bd2 40. Ke2 Ba5 41. Kf3 e4+ 42. Kf4 Bd2+ 43. Kg3 Ke5 44. Bg8 f4+ 45. Kf2 h5 46. Bc4 f3 47. Bf1 Kf4 48. Bh3 e3+ 49. Kf1 e2+ 50. Kf2 e1Q# 0-1